MARC

LEADER 00000nam0a2200000 4500
001 20298
005 20231030192023.0
010 |a 5900360113 
035 |a (RuTPU)RU\TPU\book\20476 
035 |a BOOK00020546 
090 |a 20298 
100 |a 20011209d1994 m y0rusy50 ca 
101 0 |a rus 
102 |a RU 
105 |a a j 000zy 
200 1 |a Основы логики  |f В. А. Бочаров, В. И. Маркин 
210 |a Москва  |c Космополис  |d 1994 
215 |a 271 с.  |c ил. 
225 1 |a Программа: Обновление гуманитарного образования в России 
451 1 |0 (RuTPU)RU\TPU\book\10043  |y 5-86225-5958  |t Основы логики  |o учебник  |f В. А. Бочаров, В. И. Маркин  |c Москва  |n Инфра-М  |d 1997  |p 296 с.  |s Высшее образование  |a Бочаров, Вячеслав Александрович 
610 1 |a рассуждения 
610 1 |a определение 
610 1 |a понятие 
610 1 |a силлогистика 
610 1 |a высказывания 
610 1 |a учебные пособия 
610 1 |a логика предикатов 
610 1 |a логика 
686 |a Ю4я73  |v LBC/SL-A  |2 rubbk 
700 1 |a Бочаров  |b В. А.  |g Вячеслав Александрович 
701 1 |a Маркин  |b В. И.  |g Владимир Ильич 
801 0 |a RU  |b 63413507  |c 20011209  |g PSBO 
801 2 |a RU  |b 63413507  |c 20180823  |g PSBO 
942 |c BK